000 00367nas a2200157 4500
999 _c17
_d17
003 OSt
005 20190827065204.0
008 190827b ||||| |||| 00| 0 eng d
022 _a00224502
245 _aJournal of Ship Research
260 _bSNAME
310 _aQUATERLY
856 _uhttps://www.ingentaconnect.com/content/sname/jsr
942 _2ddc
_s1
999 _d17